The life of the law : anthropological projects
Saved in:
| Main Author: | |
|---|---|
| Format: | Book |
| Language: | English |
| Published: |
Berkeley :
University of California press,
2002
|
| Subjects: | |
| Tags: |
Add Tag
No Tags, Be the first to tag this record!
|
MARC
| LEADER | 00000nam a2200000 i 4500 | ||
|---|---|---|---|
| 001 | 1/31261 | ||
| 008 | 030129s2002 eng d | ||
| 020 | |a 0-520-22988-6 | ||
| 035 | |l 10069127 | ||
| 040 | |a GR-MY-UA |b gre |e aacr | ||
| 041 | 0 | |a eng | |
| 082 | 0 | |a 340.115 | |
| 100 | 1 | |a Nader, Laura. | |
| 245 | 1 | 4 | |a The life of the law : |b anthropological projects / |c Laura Nader |
| 260 | |a Berkeley : |b University of California press, |c 2002 | ||
| 300 | |a xiii, 262 σ.; |c 22 εκ. | ||
| 504 | |a Περιέχει βιβλιογραφία και ευρετήριο | ||
| 650 | 0 | 0 | |a Law and anthropology. |
| 852 | |a INST |b LESVOS |e 20030129 |h 340.115 NAD |p 005100024656 |q 005100024656 |t BK |y 0 | ||
| 901 | |a BIBL1-2003-1 | ||
| 909 | |a Λ |b 102987 | ||
| 922 | |a 1ΕΛΗ |b 200211 |c ΕΠΕΑΕΚ2/ΤΚΑ |d ΠΑΠΑΣΩΤΗΡΙΟΥ & ΕΛΕΥΘΕΡΟΥΔΑΚΗΣ | ||
| 950 | |a 117-2002-09-19 | ||
| 970 | |a ΧΡΙΣΤΟΦΑ |b ΝΙΚΗ |z 2003/04/01 | ||